La construcción social del discurso pedagógico: textos seleccionados

Este trabajo es un esfuerzo sociológico por establecer una relación entre el poder, las relaciones sociales y profundizar en los principios intrínsecos que constituyen las formas especializadas en el proceso de reproducción cultural.

Na minha lista:
Detalhes bibliográficos
Autor principal: Bernstein, Basil
Formato: Livro
Idioma:Spanish
Publicado em: Bogotá: Prodic el Griot, 1990
Colecção:Teoría
Assuntos:
Acesso em linha:Enlace del recurso
Tags: Adicionar Tag
Sem tags, seja o primeiro a adicionar uma tag!

MARC

LEADER 00000nam a2200000 a 4500
001 001053
008 030530s1990 ck a fr# #000|0#spa#d
041 0 |a spa 
043 |a s-ck--- 
082 0 4 |a 370.193  |b B265c 
100 1 |a Bernstein, Basil 
245 1 3 |a La construcción social del discurso pedagógico:  |b textos seleccionados   |c Basil Bernstein 
260 |a Bogotá:  |b Prodic el Griot,  |c 1990 
300 |a 169 p.:  |b il., gráf. 
440 0 |a Teoría 
504 |a Incluye bibliografía. 
520 3 |a Este trabajo es un esfuerzo sociológico por establecer una relación entre el poder, las relaciones sociales y profundizar en los principios intrínsecos que constituyen las formas especializadas en el proceso de reproducción cultural. 
650 1 4 |a SOCIOLINGÜÍSTICA 
650 1 4 |a SOCIOLOGÍA DE LA EDUCACIÓN 
999 |c 3205  |d 3205 
856 |u https://catalogo.idep.edu.co/cgi-bin/koha/opac-detail.pl?biblionumber=3205  |z Enlace del recurso